Statistics for Football... or football?

Click here to take the quiz!

General Stats

  • This quiz has been taken 13,438 times
    (13,412 since last reset)
  • The average score is 14 of 18

Answer Stats

QuestionAnswer% Correct
A player can score a touchdownAmerican football
98%
Many top players weigh over 300 pounds (136 kilograms)American football
98%
Each team has one goalkeeperFootball
97%
Many top players come from GermanyFootball
95%
"Linebacker" is a positionAmerican football
95%
It is also sometimes known as "gridiron football"American football
93%
You can score by kicking the ballBoth
93%
Players can be a part of a "special teams" unitAmerican football
89%
Players sometimes kick the ball from the corner of the fieldFootball
88%
There is at least one player who can play with their handsBoth
87%
A player can get a red cardFootball
82%
The game clock starts at 0 and counts upFootball
74%
In high level-games there is generally one referee and two assistant refereesFootball
63%
Penalty kicks can be awardedFootball
62%
A player can be "offsides"Both
59%
Officials use flagsBoth
54%
Each team can play with up to 11 players at the same timeBoth
41%
Field can be 120 yards longBoth
41%

Score Distribution

Percentile by Number Answered

Percent of People with Each Score

Your Score History

You have not taken this quiz since the last reset